La escuela criminológica positivista /

Bibliographic Details
Main Authors: Lombroso, Cesare, 1835-1909 (Author), Ferri, Enrico, 1856-1929 (Author), Garofalo, Raffaele, barone, 1851-1934 (Author), Fioretti, Giulio (Author)
Other Authors: Agurto Gonzáles, Carlos Antonio (Editor), Quequejana Mamani, Sonia Lidia (Editor), Choque Cuenca, Benigno (Editor)
Format: Electronic eBook
Language:Spanish
Italian
Published: Santiago, Chile : Ediciones Olejnik, [2022]
Series:Biblioteca de criminología.
Subjects:
Online Access:Digitalia Hispánica

MARC

LEADER 00000nam a2200000Ii 4500
001 DIGOLEJNK1216
003 NyNyDIG
006 m o d
007 cr |||||||||||
008 251203s2022 cl o 000 0 spa d
035 |a (OCoLC)1427226348 
040 |a DGITA  |b eng  |e rda  |e pn  |c DGITA 
020 |z 9789564072135 
041 1 |a spa  |h ita 
050 1 4 |a HV6039 ebook 
130 0 |a Polemica in difesa della scuola criminale positiva.  |l Spanish 
245 1 3 |a La escuela criminológica positivista /  |c Cesare Lombroso [and 3 others] ; edición al cuidado de Carlos Antonio Agurto Gonzáles, Sonia Lidia Quequejana Mamani, Benigno Choque Cuenca. 
264 1 |a Santiago, Chile :  |b Ediciones Olejnik,  |c [2022] 
300 |a 1 online resource. 
336 |a text  |b txt  |2 rdacontent 
337 |a computer  |b c  |2 rdamedia 
338 |a online resource  |b cr  |2 rdacarrier 
347 |a text file  |2 rdaft 
347 |b PDF 
490 1 |a Biblioteca de criminología 
588 0 |a Online resource; title from PDF title page (Digitalia, viewed December 3, 2025) 
600 1 0 |a Gabelli, Aristide,  |d 1830-1891.  |t Nuova scuola di diritto penale in Italia. 
650 0 |a Criminology. 
700 1 |a Agurto Gonzáles, Carlos Antonio,  |e editor. 
700 1 |a Quequejana Mamani, Sonia Lidia,  |e editor. 
700 1 |a Choque Cuenca, Benigno,  |e editor. 
700 1 |a Lombroso, Cesare,  |d 1835-1909,  |e author. 
700 1 |a Ferri, Enrico,  |d 1856-1929,  |e author. 
700 1 |a Garofalo, Raffaele,  |c barone,  |d 1851-1934,  |e author. 
700 1 |a Fioretti, Giulio,  |e author. 
791 2 |a Digitalia (Firm),  |e distributor. 
793 0 |g Digitalia eBook Collection:  |a Ediciones Olejnik 
776 0 8 |i Print version:  |a Polemica in difesa della scuola criminale positiva. Spanish.  |t Escuela criminológica positivista.  |b Primera edición en Ediciones Olejnik.  |d Santiago, Chile : Ediciones Olejnik, 2022  |z 9789564072135 
830 0 |a Biblioteca de criminología. 
856 4 0 |3 Digitalia Hispánica  |u https://www.digitaliapublishing.com/a/157722/ 
910 |a Premium collection: 2025